Представление документа в формате RUSMARC

ПолеНазваниеЗначение
  Тип записи a
  Библиографический уровень m
001 Контрольный номер RU/IS/BASE/489580348
005 Дата корректировки 20240207193207.0
010 Индекс ISBN __
d Цена 35 р. 00 к.
100 Данные общей обработки __
a Данные общей обработки 20150707d2015 ||| 0rusy0189 ca
101 Язык документа 0_
a Язык текста rus
102 Страна публикации __
a Страна публикации RU
105 Кодированные данные (монография) __
a Кодированные данные (монография) y###||||000|y
200 Заглавие и сведения об ответственности 1_
a Заглавие Справочник по горюче-смазочным материалам
b Общее обозначение материала Текст
f Первые сведения об ответственности под общ. ред. В. А. Беляева
210 Выходные данные 1_
a Место издания Нижний Новгород
c Издательство Вента-2
d Дата издания 2000
215 Физическое описание __
a Объем 233 с.
225 Серия 0_
a Серия Библиотека главного инженера
606 Тематические рубрики 1_
a Основная рубрика Химические производства - Горюче-смазочные материалы - Справочники
608 Указатель предметных рубрик __
a Жанр/форма справочник
610 Ключевые слова 1_
a Ключевые слова материалы справочные
a Ключевые слова материалы горюче-смазочные
686 Индексы других классификаций __
a Классификационный индекс 35
2 Код системы rubbk
801 Источник записи _0
a Страна RU
b Организация Ульяновская ОБДЮ
c Дата составления 20150707
g Правила каталогизации RCR
801 Источник записи _1
a Страна RU
b Организация Ульяновская ОБДЮ
c Дата составления 20150707
g Правила каталогизации RCR
852 Данные о местонахождении __
a Наименование организации Ульяновская ОБДЮ
i Авторский знак С 74
j Шифр хранения 35
901 Тип документа __
t Тип документа m
910 Корректоры записи __
a Корректор записи Пользователь obruser
919 __
a Пользователь obruser
938 Служебная информация __
a Имя БД MarkBase